MCU, Harry Potter and Star Wars Movies - Statistics

General Stats
  • This quiz has been taken 180 times
  • The average score is 31 of 42
Answer Stats
Answer % Correct
Iron Man
94%
Captain America: The First Avenger
92%
Thor
92%
The Incredible Hulk
91%
Iron Man 2
89%
Iron Man 3
89%
The Avengers
89%
Ant-Man
82%
Avengers: Age of Ultron
81%
Avengers: Endgame
81%
Avengers: Infinity War
80%
Captain America: Civil War
80%
Thor: The Dark World
80%
Spider-Man: Far From Home
79%
Spider-Man: Homecoming
79%
Black Panther
78%
Thor: Ragnarok
78%
Captain America: The Winter Soldier
77%
Doctor Strange
77%
Guardians of the Galaxy
77%
Ant-Man and the Wasp
76%
Chamber of Secrets
74%
Captain Marvel
73%
Half-Blood Prince
72%
Order of the Phoenix
72%
Prisoner of Azkaban
72%
Goblet of Fire
71%
Guardians of the Galaxy Vol. 2
70%
A New Hope
68%
Philosopher's Stone
68%
Deathly Hallows – Part 1
67%
Deathly Hallows – Part 2
66%
The Empire Strikes Back
66%
Return of the Jedi
65%
Revenge of the Sith
65%
The Last Jedi
65%
Attack of the Clones
62%
The Rise of Skywalker
62%
The Phantom Menace
61%
The Force Awakens
60%
Rogue One: A Star Wars Story
59%
Solo: A Star Wars Story
59%
No matching quizzes found
Score Distribution
Percent of People with Each Score
Percentile by Number Answered
Your Score History
You have not taken this quiz